Professional communication: the social perspective

Guardat en:
Dades bibliogràfiques
Autors principals: Blyler, Nancy Roundy (Autor), Thralls, Charlotte (Autor)
Format: Llibre
Idioma:anglès
Publicat: Newbury Park Sage 1993
Edició:1a. ed
Matèries:
Etiquetes: Afegir etiqueta
Sense etiquetes, Sigues el primer a etiquetar aquest registre!

MARC

LEADER 00000nam a2200000 a 4500
001 UCJ0546
003 CL-VaPUC
008 060811e19930000US |||||||||||||||||eng|d
020 |a 0803939353 
082 0 4 |a 306.45  |b BLY  |2 21 
100 0 |a Blyler, Nancy Roundy  |e author  |9 500804 
700 0 |a Thralls, Charlotte  |e author  |9 500805 
245 1 0 |a Professional communication: the social perspective 
250 |a 1a. ed 
300 |a 292 p 
942 |c BK 
945 |d 20060811 00:00:00  |a cmena 
260 |a Newbury Park  |b Sage  |c 1993 
650 0 |a Comunicación social  |9 334226 
650 0 |a Investigación lingüística  |9 329785 
650 0 |a Sociolingüística  |9 263716 
650 7 |a ESCRITOS TECNICOS  |2 CL-VaPUC  |9 434103 
583 |a last modification  |c 20140406 06:44:37  |k Rodrigo Vera 
999 |c 317377  |d 317375 
952 |0 0  |1 0  |4 0  |6 306_450000000000000_BLY_1993  |7 0  |8 A  |9 393705  |a FDOPOS  |b FDOPOS  |d 2019-11-22  |i 426374K  |o 306.45 BLY 1993  |p 426374K  |r 2025-01-22  |w 2019-11-22  |y BK  |k MLA